El espacio fronterizo en la articulación de espacios sociales trasnacionales: reflexión teórica y apuntes empíricos /
محفوظ في:
| المؤلف الرئيسي: | |
|---|---|
| التنسيق: | نص |
| الوسوم: |
إضافة وسم
لا توجد وسوم, كن أول من يضع وسما على هذه التسجيلة!
|
MARC
| LEADER | 00000 a a2200000 04500 | ||
|---|---|---|---|
| 001 | 11663 | ||
| 003 | |||
| 040 | |||
| 100 | |a Mendoza Pérez, Cristóbal | ||
| 245 | |a El espacio fronterizo en la articulación de espacios sociales trasnacionales: |b reflexión teórica y apuntes empíricos / |c Cristóbal Mendoza Pérez | ||
| 773 | |g volumen 13, número 53; páginas 103-135 | ||
| 999 | |c 30668 |d 30668 | ||
